Normal view
MARC view
- Alcock, Donald
Entry Personal Name
001 - CONTROL NUMBER
- control field: 112860
003 - CONTROL NUMBER IDENTIFIER
- control field: NUST
005 - DATE AND TIME OF LATEST TRANSACTION
- control field: 20230530103158.0
008 - FIXED-LENGTH DATA ELEMENTS
- fixed length control field: 230530|| aca||aabn | a|a d
040 ## - CATALOGING SOURCE
- Original cataloging agency: NUST
- Transcribing agency: NUST
100 ## - HEADING--PERSONAL NAME
- Personal name: Alcock, Donald
670 ## - SOURCE DATA FOUND
- Source citation: Work cat.: (NUST)176675: Alcock, Donald,, Illustrating Fortran (the portable variety) / , 1982.
